Rýchlobežné brány.

Saved in:
Bibliographic Details
Corporate Authors: Hörmann KG (Steinhagen) (Author), Hörmann Slovenská republika, s.r.o. (Bratislava) (Compiler)
Format: Book
Language:Slovak
Published: [S.l.] : [s.n.], 2007
Edition:[1. vyd.]
Subjects:
Online Access: Get full text
Tags: Add Tag
No Tags, Be the first to tag this record!

MARC

LEADER 00000nam a2200000 4500
003 SK-BrCVT
005 20220621163522.0
008 071128s2007 gw e ||||||slo d
035 |a CVTIDW1425817 
040 |b slo  |a CVTI SR  |e AACR2 
041 0 |a slo 
044 |a gw 
080 |a 692.81  |2 UDC-MRF 
110 2 |a Hörmann KG (Steinhagen)  |4 aut 
245 1 0 |a Rýchlobežné brány. 
250 |a [1. vyd.] 
260 |a [S.l.] :  |b [s.n.],  |c 2007 
300 |a 35 s. :  |b obr., tab. ; 
653 1 |a rolovacia brána  |a robustná brána  |a hliníková brána  |a sekcionálna brána  |a skladacia brána 
710 2 |a Hörmann Slovenská republika, s.r.o. (Bratislava)  |4 com 
910 |b F027813 
959 |a 6706 
974 |f Firemná literatúra 
992 |a FVP 
999 |c 157466  |d 157466